Application of discretionary council tax powers for empty homes (Record no. 109194)

MARC details
000 -LEADER
fixed length control field 02377cad a22002415a 4500
001 - CONTROL NUMBER
control field L146480
008 - FIXED-LENGTH DATA ELEMENTS--GENERAL INFORMATION
fixed length control field 090126e20090122xxkbd f s f000 0 eng d
020 ## - INTERNATIONAL STANDARD BOOK NUMBER
International Standard Book Number 9781409809753
035 ## - SYSTEM CONTROL NUMBER
System control number (Sirsi) u146480
041 0# - LANGUAGE CODE
Language code of text/sound track or separate title eng
050 04 - LIBRARY OF CONGRESS CALL NUMBER
Classification number 336.185 $2 18
110 2# - MAIN ENTRY--CORPORATE NAME
Corporate name or jurisdiction name as entry element United Kingdom
Subordinate unit Department for Communities and Local Government
9 (RLIN) 4939
245 00 - TITLE STATEMENT
Title Application of discretionary council tax powers for empty homes
Medium [electronic resource]
260 ## - PUBLICATION, DISTRIBUTION, ETC.
Place of publication, distribution, etc. London
Name of publisher, distributor, etc. DCLG
Date of publication, distribution, etc. 2009
505 2# - FORMATTED CONTENTS NOTE
Formatted contents note Introduction: background, long term empty properties and discretionary discounts; the research study objectives -- Quantitative analysis: the stock of long term empty homes; summary -- Evidence from earlier research: other research reviewed; research findings; summary -- Survey of local authorities: the local authority survey; survey findings; reasons put forward for owners leaving properties empty; types of property which are long term empty; the decision to remove or retain the discount; activities to tackle empty homes; perceived impact of removing the discount; summary -- Conclusions: terms in long term empty properties; characteristics of long term empty properties; reasons for local authority decisions on discounts; use of analysis by authorities; research aims C and D; further research -- Appendix 1: questionnaire
520 ## - SUMMARY, ETC.
Summary, etc. Report looks at the effect that discretionary application of the 50% discount on council tax for empty homes is having on bringing said properties back into use, with the authors commenting that there is no firm relationship between discretionary application and whether or not homes are being used. Regardless of this, it is found that local authorities enjoy having the ability to use discretionary application, as it allows them to better respond to unique circumstances in the local residential property market. The work of consultant authors, this publication should not be read as representative of the views of the Department for Communities and Local Government or government policy.
521 ## - TARGET AUDIENCE NOTE
Target audience note Advanced
590 ## - LOCAL NOTE (RLIN)
Local note KA
651 #4 - SUBJECT ADDED ENTRY--GEOGRAPHIC NAME
Geographic name England and Wales
Chronological subdivision 1543-
690 ## - LOCAL SUBJECT ADDED ENTRY--TOPICAL TERM (OCLC, RLIN)
Topical term or geographic name as entry element PROPERTY-RESIDENTIAL PROPERTY-RESIDENTIAL PROPERTY TAXATION-COUNCIL TAX
856 40 - ELECTRONIC LOCATION AND ACCESS
Uniform Resource Identifier <a href="https://www.communities.gov.uk/publications/localgovernment/counciltaxemptyhomes">https://www.communities.gov.uk/publications/localgovernment/counciltaxemptyhomes</a>
Public note View the item free of charge online at www.communities.gov.uk...
942 ## - ADDED ENTRY ELEMENTS (KOHA)
Suppress in OPAC 0
Holdings
Withdrawn status Lost status Source of classification or shelving scheme Damaged status Not for loan Home library Current library Shelving location Date acquired Total Checkouts Full call number Barcode Date last seen Copy number Price effective from Koha item type
    Dewey Decimal Classification     Virtual Virtual Online 26/01/2009   ONLINE PUBLICATION 146480-1001 06/08/2019 1 06/08/2019 Book